000 00381nam a2200157Ia 4500
008 230917s9999||||xx |||||||||||||| ||und||
020 _cRs. 40.00
040 _e5000602
_aMAIN
041 _aEnglish
082 _a954.0258 S73A
100 _aSarkar, Jadunath
245 0 _aAnecdoes of Aurangzib
260 _aHyderabad
_bOrient Longman
_c1949
300 _avi, 101 p.
942 _cBK
999 _c9019
_d9019